| 000 | 00661nam a2200229 a 4500 | ||
|---|---|---|---|
| 001 | BRCA_3986 | ||
| 005 | 20190320204513.0 | ||
| 008 | 150110s1955----gw-a######---#000-0#ger-# | ||
| 041 | _ager | ||
| 044 | _agw | ||
| 050 | 4 |
_aN7624.5 _b.G73 1955 |
|
| 245 | 1 | 0 |
_aGraphik, Handzeichnungen, Gemälde, Plastik _bAuktion 64, Sonnabend, den 3. Dezember 1955. |
| 260 |
_aHamburgo _bE. Hauswedell _c1955 |
||
| 300 |
_a56 p. _bil., 16 láminas _c20 cm. |
||
| 440 | 0 |
_aAntiquariatskatalog _v116 _910359 |
|
| 500 | _aCDE65 | ||
| 650 | 1 | 4 |
_aSubastas _97837 |
| 650 | 1 | 4 |
_aArte _vPrecios _910360 |
| 700 | 1 |
_aHauswedell, Ernst _eEditor _910361 |
|
| 902 | _aGFM | ||
| 942 |
_2lcc _cB |
||
| 999 |
_c3712 _d3712 |
||